| 000 | 00717nam a22002057a 4500 | ||
|---|---|---|---|
| 005 | 20111007102240.0 | ||
| 010 | _aG-001734 | ||
| 020 |
_c199.90 _a8183321399 |
||
| 035 | 1 | d | _aG-001674 |
| 037 | _bGift | ||
| 082 | _aS | ||
| 100 |
_aBond, Ruskin _935269 |
||
| 245 | E |
_aA bond with nature: _cby Rusking Bond _bnature omnibus / |
|
| 260 |
_aDelhi _bRatna Sagar _c2007 |
||
| 270 |
_aVirat Bhavan, Mukherjee Nagar Commerical Complex _bDelhi _e110009 |
||
| 300 |
_a224p. _c21cm(pbk) _bill. |
||
| 942 |
_2ddc _cCH _hS _mBON |
||
| 999 |
_c57338 _d57338 |
||